[Event "ROM-ch U14"]
[Site "Calimanesti"]
[Date "2018.04.01"]
[Round "7"]
[White "Bighiu, Rares"]
[Black "Antal, Hunor Zoltan"]
[Result "1/2-1/2"]
[WhiteElo "1674"]
[BlackElo "1904"]
[PlyCount "49"]
[EventDate "2018.03.27"]
[EventType "swiss"]
[EventRounds "9"]
[EventCountry "ROU"]
[SourceTitle "CBM 183 Extra"]
[Source "ChessBase"]
[SourceDate "2018.04.19"]
[SourceVersion "1"]
[SourceVersionDate "2018.04.19"]
[SourceQuality "1"]

1. d4 d5 2. c4 dxc4 3. e3 Nf6 4. Nf3 a6 5. Bxc4 e6 6. Nc3 b5 7. Bb3 Bd6 8. 0-0 0-0 9. Qe2 Bb7 10. Rd1 Qe7 11. Bc2 c5 12. a3 Nbd7 13. e4 cxd4 14. Nxd4 h6 15. f4 Bc5 16. Be3 Rfd8 17. Nb3 Bxe3+ 18. Qxe3 Rac8 19. Rd2 Nf8 20. Rxd8 Rxd8 21. Rd1 Rxd1+ 22. Bxd1 b4 23. axb4 Qxb4 24. Qc5 Qxc5+ 25. Nxc5 1/2-1/2

[Event "EU-ch U12 27th"]
[Site "Mamaia"]
[Date "2017.09.13"]
[Round "8"]
[White "Mihalcescu, Alexandru"]
[Black "Bighiu, Rares"]
[Result "1/2-1/2"]
[WhiteElo "1533"]
[BlackElo "1676"]
[PlyCount "69"]
[EventDate "2017.09.05"]
[EventType "swiss"]
[EventRounds "9"]
[EventCountry "ROU"]
[SourceTitle "CBM 180 Extra"]
[Source "ChessBase"]
[SourceDate "2017.10.06"]
[SourceVersion "1"]
[SourceVersionDate "2017.10.06"]
[SourceQuality "1"]

1. e4 c6 2. d4 d5 3. Nc3 dxe4 4. Nxe4 Bf5 5. Ng3 Bg6 6. Nf3 Nd7 7. Bf4 Ngf6 8. Bd3 Nd5 9. Bg5 Qc7 10. Bxg6 hxg6 11. c4 Nf4 12. 0-0 0-0-0 13. Ne5 Nh3+ 14. gxh3 Nxe5 15. Bf4 Qd7 16. Bxe5 f6 17. Bf4 Qxh3 18. Re1 f5 19. Bg5 Qxh2+ 20. Kf1 Qh3+ 21. Kg1 Qh2+ 22. Kf1 Qh3+ 23. Kg1 Qh2+ 24. Kf1 Qh3+ 25. Kg1 Rd6 26. Qf3 Rxd4 27. Rad1 Qg4 28. Qxg4 Rxg4 29. Bxe7 Bxe7 30. Rxe7 f4 31. Rdd7 fxg3 32. Rc7+ Kd8 33. Rcd7+ Kc8 34. Rc7+ Kd8 35. Rcd7+ 1/2-1/2

[Event "ROM-ch U12"]
[Site "Baile Felix"]
[Date "2017.02.09"]
[Round "9"]
[White "Bighiu, Rares"]
[Black "Togan, Teodor Bogdan"]
[Result "0-1"]
[WhiteElo "1672"]
[BlackElo "1574"]
[PlyCount "96"]
[EventDate "2017.02.02"]
[EventType "swiss"]
[EventRounds "9"]
[EventCountry "ROU"]
[SourceTitle "CBM 176 Extra"]
[Source "ChessBase"]
[SourceDate "2017.03.02"]
[SourceVersion "1"]
[SourceVersionDate "2017.03.02"]
[SourceQuality "1"]

1. d4 d5 2. c4 e6 3. Nc3 Nf6 4. Nf3 Be7 5. Bf4 0-0 6. e3 b6 7. Rc1 Bb7 8. cxd5 Nxd5 9. Nxd5 Qxd5 10. Rxc7 Bb4+ 11. Nd2 f6 12. a3 Bxd2+ 13. Qxd2 Bc6 14. f3 Qd8 15. Bc4 Re8 16. b4 Kh8 17. b5 e5 18. Rxc6 Nxc6 19. bxc6 exf4 20. e4 Qd6 21. d5 f5 22. Bd3 Qxd5 23. Qc2 Re6 24. c7 Qc6 25. Qc4 Qxc4 26. Bxc4 Re7 27. Bd5 Rc8 28. 0-0 Rexc7 29. Be6 Rd8 30. Bxf5 g6 31. Be6 Rc2 32. Bd5 Rc3 33. a4 Ra3 34. g3 fxg3 35. hxg3 Rxa4 36. f4 Ra3 37. Kg2 Rc8 38. e5 Rac3 39. g4 Rc1 40. e6 Rxf1 41. Kxf1 Rf8 42. Ke2 Kg7 43. Ke3 Kf6 44. Ke4 Rd8 45. Bc4 Rd6 46. f5 gxf5+ 47. gxf5 Rc6 48. Bb5 Rc5 0-1

[Event "ROM-ch U12"]
[Site "Baile Felix"]
[Date "2017.02.07"]
[Round "7"]
[White "Bighiu, Rares"]
[Black "Gavris, Alexandru Catalin"]
[Result "1-0"]
[WhiteElo "1672"]
[BlackElo "1488"]
[PlyCount "99"]
[EventDate "2017.02.02"]
[EventType "swiss"]
[EventRounds "9"]
[EventCountry "ROU"]
[SourceTitle "CBM 176 Extra"]
[Source "ChessBase"]
[SourceDate "2017.03.02"]
[SourceVersion "1"]
[SourceVersionDate "2017.03.02"]
[SourceQuality "1"]

1. d4 d5 2. c4 c6 3. Nf3 dxc4 4. e3 Be6 5. Nc3 Nf6 6. Ng5 Qc8 7. Nce4 Nxe4 8. Nxe4 Nd7 9. Qc2 b5 10. Be2 Nb6 11. Nc5 Bg4 12. f3 Bh5 13. b3 cxb3 14. axb3 e6 15. Bb2 Nd5 16. g4 Bg6 17. e4 Bd6 18. Nd3 Nb4 19. Qc3 Nxd3+ 20. Bxd3 b4 21. Qc2 0-0 22. h4 f6 23. h5 Bg3+ 24. Ke2 Be8 25. Qd2 c5 26. Rac1 Qb8 27. Rxc5 Bf4 28. Qc2 Bd6 29. Ra5 Qc7 30. Rha1 Qxc2+ 31. Bxc2 Rc8 32. Bd3 Bb8 33. Bc4 Bd7 34. Bc1 Kf7 35. Bd2 Bd6 36. Rxa7 Ke8 37. R1a6 Rc6 38. Bxe6 Rxa6 39. Bxd7+ Ke7 40. Rxa6 Kxd7 41. Rxd6+ Kxd6 42. Bxb4+ Ke6 43. Bxf8 g6 44. b4 Kd7 45. b5 Kc7 46. e5 fxe5 47. dxe5 Kd7 48. b6 Kc6 49. e6 Kxb6 50. e7 1-0

[Event "ROM-ch U12"]
[Site "Baile Felix"]
[Date "2017.02.06"]
[Round "6"]
[White "Mihai, Florin"]
[Black "Bighiu, Rares"]
[Result "1/2-1/2"]
[WhiteElo "1524"]
[BlackElo "1672"]
[PlyCount "59"]
[EventDate "2017.02.02"]
[EventType "swiss"]
[EventRounds "9"]
[EventCountry "ROU"]
[SourceTitle "CBM 176 Extra"]
[Source "ChessBase"]
[SourceDate "2017.03.02"]
[SourceVersion "1"]
[SourceVersionDate "2017.03.02"]
[SourceQuality "1"]

1. d4 d5 2. c4 e6 3. cxd5 exd5 4. Nc3 c6 5. Nf3 Be7 6. Bf4 Nf6 7. e3 0-0 8. Be2 Bf5 9. 0-0 Ne4 10. Nxe4 Bxe4 11. Bd3 Bxd3 12. Qxd3 Na6 13. Qb3 Qc8 14. Rac1 Nc7 15. Bxc7 Qxc7 16. Qxd5 Rfd8 17. Qb3 h5 18. h3 g5 19. Qc4 Rac8 20. Qe2 Kg7 21. Ne5 f6 22. Nc4 Rh8 23. Qf3 Qd7 24. Qg3 b5 25. Nd2 Bd6 26. Qf3 f5 27. Nb3 g4 28. Qe2 gxh3 29. gxh3 Kf6 30. Qf3 1/2-1/2

[Event "ROM-ch U12"]
[Site "Baile Felix"]
[Date "2017.02.05"]
[Round "4"]
[White "Balaban Voia, Alexandru"]
[Black "Bighiu, Rares"]
[Result "1/2-1/2"]
[WhiteElo "2004"]
[BlackElo "1672"]
[PlyCount "91"]
[EventDate "2017.02.02"]
[EventType "swiss"]
[EventRounds "9"]
[EventCountry "ROU"]
[SourceTitle "CBM 176 Extra"]
[Source "ChessBase"]
[SourceDate "2017.03.02"]
[SourceVersion "1"]
[SourceVersionDate "2017.03.02"]
[SourceQuality "1"]

1. d4 e6 2. Nf3 d5 3. c4 Nf6 4. g3 Be7 5. Bg2 0-0 6. 0-0 b6 7. Qc2 Bb7 8. b3 Nbd7 9. Bb2 c5 10. cxd5 Nxd5 11. dxc5 Bxc5 12. Nc3 Rc8 13. Qd3 Qe7 14. Nxd5 Bxd5 15. Rac1 Rfd8 16. Qb1 h6 17. Rfd1 Bxf3 18. Bxf3 Nf6 19. Rxd8+ Rxd8 20. Rd1 Rxd1+ 21. Qxd1 Qd7 22. Qxd7 Nxd7 23. Kg2 Bd6 24. Bc6 Ne5 25. Bb5 Ng6 26. f4 Ne7 27. e4 Bc5 28. Be5 Nc8 29. Bd3 Bd6 30. Bc3 Bc5 31. Kf3 Kf8 32. Ba6 Ne7 33. Bb5 a5 34. Bb2 Nc8 35. g4 Na7 36. Bd3 Nc6 37. a4 Nd4+ 38. Bxd4 Bxd4 39. f5 f6 40. h4 Ke7 41. Bc4 Bc5 42. h5 Bd4 43. Ke2 Kd6 44. Kd3 Bc5 45. Bb5 Bb4 46. Kc4 1/2-1/2

[Event "ROM-ch U12"]
[Site "Baile Felix"]
[Date "2017.02.05"]
[Round "5"]
[White "Bighiu, Rares"]
[Black "Ferentiu, Raul Florin"]
[Result "1/2-1/2"]
[WhiteElo "1672"]
[BlackElo "1518"]
[PlyCount "50"]
[EventDate "2017.02.02"]
[EventType "swiss"]
[EventRounds "9"]
[EventCountry "ROU"]
[SourceTitle "CBM 176 Extra"]
[Source "ChessBase"]
[SourceDate "2017.03.02"]
[SourceVersion "1"]
[SourceVersionDate "2017.03.02"]
[SourceQuality "1"]

1. d4 d5 2. c4 c6 3. Nf3 dxc4 4. e3 Bg4 5. Bxc4 e6 6. h3 Bh5 7. g4 Bg6 8. Ne5 Nd7 9. Nxg6 hxg6 10. Nc3 Nb6 11. Bd3 Bd6 12. Qc2 Ne7 13. a3 Qd7 14. b4 a6 15. Ne4 Bc7 16. Nc5 Qc8 17. Bb2 Nd7 18. Be4 Nxc5 19. dxc5 Kf8 20. Qc3 f6 21. f4 e5 22. Rf1 exf4 23. exf4 Qe6 24. Qc2 Rxh3 25. 0-0-0 Qxg4 1/2-1/2

[Event "ROM-ch U12"]
[Site "Calimanesti Caciulata"]
[Date "2016.04.25"]
[Round "9"]
[White "Bighiu, Rares"]
[Black "Stepanencu, Nicodim Cosmin"]
[Result "1-0"]
[WhiteElo "1732"]
[BlackElo "1412"]
[PlyCount "87"]
[EventDate "2016.04.18"]
[EventType "swiss"]
[EventRounds "9"]
[EventCountry "ROU"]
[SourceTitle "EXT 2017"]
[Source "ChessBase"]
[SourceDate "2016.10.25"]
[SourceVersion "1"]
[SourceVersionDate "2016.10.25"]
[SourceQuality "1"]

1. d4 d5 2. c4 e6 3. Nc3 Nf6 4. cxd5 exd5 5. Bg5 c6 6. e3 Bf5 7. Qf3 Bg6 8. Bxf6 Qxf6 9. Qxf6 gxf6 10. Nf3 Bd6 11. g3 Nd7 12. Nh4 b5 13. Rc1 Ke7 14. f3 Rac8 15. Kf2 Nb6 16. Rd1 Rhe8 17. Rd2 b4 18. Nd1 a5 19. Bd3 Bxd3 20. Rxd3 Kd7 21. Nf5 a4 22. Re1 c5 23. Nxd6 Kxd6 24. dxc5+ Rxc5 25. b3 Rec8 26. Re2 a3 27. Red2 Rc2 28. Ke2 Rxd2+ 29. Rxd2 Ke6 30. Nf2 Rc5 31. Nd3 Rb5 32. Nf4+ Kd6 33. Rd4 Nd7 34. e4 Ke5 35. Rxd5+ Rxd5 36. Nxd5 Kd4 37. Nxb4 Kc3 38. Nd3 Kc2 39. Ke3 Kb1 40. Nb4 Ne5 41. h3 Kb2 42. f4 Nd7 43. Kd4 Nb8 44. g4 1-0

[Event "ROM-ch U10"]
[Site "Calimanesti"]
[Date "2015.04.01"]
[Round "3"]
[White "Bighiu, Rares"]
[Black "Antal, Hunor Zoltan"]
[Result "1-0"]
[WhiteElo "1692"]
[BlackElo "1580"]
[PlyCount "95"]
[EventDate "2015.03.30"]
[EventType "swiss"]
[EventRounds "9"]
[EventCountry "ROU"]
[SourceTitle "CBM 165 Extra"]
[Source "ChessBase"]
[SourceDate "2015.04.21"]
[SourceVersion "1"]
[SourceVersionDate "2015.04.21"]
[SourceQuality "1"]

1. d4 g6 2. c4 Bg7 3. Nc3 d6 4. e4 Nd7 5. g3 e5 6. Nge2 Ne7 7. Bg2 0-0 8. 0-0 exd4 9. Nxd4 Nc6 10. Nce2 Na5 11. Qc2 Nc6 12. Be3 Nf6 13. Rad1 Qe7 14. Nxc6 bxc6 15. Nd4 Bb7 16. c5 d5 17. exd5 Nxd5 18. Nxc6 Bxc6 19. Bxd5 Bxd5 20. Rxd5 Rab8 21. b3 f5 22. c6 Qe6 23. Rfd1 Be5 24. Qc4 Bd6 25. Bc5 Bxc5 26. Qxc5 f4 27. Re5 Qg4 28. Qd5+ Kh8 29. Qd4 Kg8 30. Re7 Rf7 31. Rxf7 Kxf7 32. Qd7+ Qxd7 33. Rxd7+ Kf6 34. Rxc7 f3 35. Rxa7 Re8 36. h4 Re1+ 37. Kh2 Re2 38. c7 Rxf2+ 39. Kg1 Rg2+ 40. Kf1 Rc2 41. b4 Ke5 42. Ra5+ Ke4 43. Rc5 Rd2 44. c8Q Rd1+ 45. Kf2 Rd2+ 46. Ke1 Re2+ 47. Kf1 Ke3 48. Re5+ 1-0

[Event "ROM-ch U10"]
[Site "Calimanesti"]
[Date "2014.04.12"]
[Round "8"]
[White "Bighiu, Rares"]
[Black "Gorea, Stefan Alin"]
[Result "1/2-1/2"]
[WhiteElo "1620"]
[BlackElo "1535"]
[PlyCount "58"]
[EventDate "2014.04.06"]
[EventType "swiss"]
[EventRounds "9"]
[EventCountry "ROU"]
[SourceTitle "CBM 160 Extra"]
[Source "ChessBase"]
[SourceDate "2014.07.01"]
[SourceVersion "1"]
[SourceVersionDate "2014.07.01"]
[SourceQuality "1"]

1. e4 e6 2. d4 d5 3. Nd2 dxe4 4. Nxe4 Nd7 5. Nf3 Ngf6 6. Nxf6+ Nxf6 7. c3 Be7 8. Qa4+ Bd7 9. Qb3 Qc8 10. Ne5 0-0 11. Bd3 c6 12. Qc2 h6 13. h4 Bd6 14. Bg5 Nd5 15. Qd2 h5 16. Bh6 Be7 17. Rh3 Bf6 18. Rg3 Ne7 19. Bxg7 Bxg7 20. Qh6 Ng6 21. Rxg6 fxg6 22. Qxg6 Rf6 23. Qh7+ Kf8 24. Ng6+ Kf7 25. Ne5+ Kf8 26. Ng6+ Kf7 27. Ne5+ Kf8 28. Ng6+ Kf7 29. 0-0-0 Qg8 1/2-1/2

[Event "ROM-ch U10"]
[Site "Calimanesti"]
[Date "2014.04.10"]
[Round "6"]
[White "Bighiu, Rares"]
[Black "Padurariu, Mihai Edward"]
[Result "1/2-1/2"]
[WhiteElo "1620"]
[BlackElo "1528"]
[PlyCount "59"]
[EventDate "2014.04.06"]
[EventType "swiss"]
[EventRounds "9"]
[EventCountry "ROU"]
[SourceTitle "CBM 160 Extra"]
[Source "ChessBase"]
[SourceDate "2014.07.01"]
[SourceVersion "1"]
[SourceVersionDate "2014.07.01"]
[SourceQuality "1"]

1. d4 Nf6 2. Nf3 c5 3. c4 e6 4. Nc3 d5 5. cxd5 exd5 6. Bf4 Nc6 7. e3 c4 8. Be2 Bb4 9. 0-0 0-0 10. Qc2 Bxc3 11. bxc3 Re8 12. Nd2 g6 13. Rae1 Bf5 14. Qc1 Qa5 15. a3 Qb6 16. Kh1 Na5 17. Bf3 Nb3 18. Qb2 Nxd2 19. Qxd2 Bd3 20. Rg1 Ne4 21. Bxe4 Rxe4 22. f3 Ree8 23. g4 Qf6 24. Qf2 g5 25. Bg3 h6 26. h4 Qg6 27. Rg2 Kg7 28. Rh2 f6 29. Kg2 Rh8 30. Reh1 1/2-1/2

[Event "ROM-ch U10"]
[Site "Calimanesti"]
[Date "2014.04.09"]
[Round "4"]
[White "Bighiu, Rares"]
[Black "Ognean, Mihnea Ionut"]
[Result "0-1"]
[WhiteElo "1620"]
[BlackElo "1799"]
[PlyCount "66"]
[EventDate "2014.04.06"]
[EventType "swiss"]
[EventRounds "9"]
[EventCountry "ROU"]
[SourceTitle "CBM 160 Extra"]
[Source "ChessBase"]
[SourceDate "2014.07.01"]
[SourceVersion "1"]
[SourceVersionDate "2014.07.01"]
[SourceQuality "1"]

1. d4 Nf6 2. Nf3 g6 3. c4 Bg7 4. g3 0-0 5. Bg2 d6 6. 0-0 Re8 7. Nc3 Nbd7 8. e4 e5 9. h3 exd4 10. Nxd4 Nc5 11. Re1 a5 12. Kh2 Be6 13. Nxe6 Rxe6 14. Bg5 h6 15. Bxf6 Bxf6 16. Qd2 Bg7 17. Rad1 a4 18. Kg1 h5 19. h4 c6 20. f4 Qb6 21. Kh2 a3 22. b3 Qa5 23. Nb1 Qxd2 24. Nxd2 Rae8 25. Re2 f5 26. Rde1 Bc3 27. Rd1 fxe4 28. Re3 Bxd2 29. Rxd2 Nd3 30. Bxe4 Nc5 31. Bxg6 Rxe3 32. Bxe8 Rxe8 33. Rxd6 Re2+ 0-1

[Event "ROM-ch U10"]
[Site "Calimanesti"]
[Date "2014.04.08"]
[Round "3"]
[White "Mintau, Andrei Catalin"]
[Black "Bighiu, Rares"]
[Result "0-1"]
[WhiteElo "1496"]
[BlackElo "1620"]
[PlyCount "100"]
[EventDate "2014.04.06"]
[EventType "swiss"]
[EventRounds "9"]
[EventCountry "ROU"]
[SourceTitle "CBM 160 Extra"]
[Source "ChessBase"]
[SourceDate "2014.07.01"]
[SourceVersion "1"]
[SourceVersionDate "2014.07.01"]
[SourceQuality "1"]

1. e4 c5 2. Nf3 e6 3. d4 cxd4 4. Nxd4 Nf6 5. Bd3 d6 6. Nc3 a6 7. Be3 Nbd7 8. 0-0 Nc5 9. Kh1 b5 10. f3 Nxd3 11. Qxd3 Bb7 12. Rad1 Qc7 13. b3 Rc8 14. Bd2 Be7 15. Rc1 0-0 16. a4 b4 17. Nd1 d5 18. exd5 Nxd5 19. Re1 Bf6 20. Ne2 Rfd8 21. Qe4 Nc3 22. Qxb4 Na2 23. Qa5 Nxc1 24. Qxc7 Rxc7 25. Bxc1 Rxc2 26. Ne3 Rc7 27. Kg1 Bd4 28. Nxd4 Rxd4 29. Kf2 Bd5 30. Nxd5 Rxd5 31. Be3 Rb7 32. Rc1 h6 33. Rb1 Rd3 34. b4 a5 35. Bc5 axb4 36. Bxb4 Rd4 37. Bc3 Rxb1 38. Bxd4 Rb4 39. Ke3 Rxa4 40. g4 f6 41. h4 Kf7 42. Bb2 Ke7 43. g5 Rxh4 44. gxf6+ gxf6 45. f4 Rh3+ 46. Ke4 h5 47. Bc1 h4 48. Bd2 Rg3 49. f5 h3 50. Bf4 Rg4 0-1

[Event "ROM-ch U08"]
[Site "Calimanesti"]
[Date "2013.04.08"]
[Round "9"]
[White "Bulgariu, Andrei"]
[Black "Bighiu, Rares"]
[Result "1/2-1/2"]
[WhiteElo "1140"]
[BlackElo "1270"]
[PlyCount "46"]
[EventDate "2013.04.02"]
[EventType "swiss"]
[EventRounds "9"]
[EventCountry "ROU"]
[SourceTitle "CBM 153 Extra"]
[Source "ChessBase"]
[SourceDate "2013.04.22"]
[SourceVersion "1"]
[SourceVersionDate "2013.04.22"]
[SourceQuality "1"]

1. e4 c5 2. Nf3 e6 3. c3 Nc6 4. d4 d5 5. exd5 exd5 6. Bg5 Be7 7. Bxe7 Qxe7+ 8. Be2 Nf6 9. 0-0 0-0 10. Re1 Qd6 11. Bd3 Bg4 12. Be2 Rfe8 13. Ne5 Nxe5 14. dxe5 Qxe5 15. f3 Bf5 16. Nd2 Qc7 17. Nb3 Qb6 18. Kh1 Re5 19. Qd2 Rae8 20. g4 Nxg4 21. fxg4 Be4+ 22. Kg1 c4+ 23. Nd4 Qg6 1/2-1/2

[Event "ROM-ch U08"]
[Site "Calimanesti"]
[Date "2013.04.05"]
[Round "6"]
[White "Bighiu, Rares"]
[Black "Ardeleanu Chirica, Matei"]
[Result "1-0"]
[WhiteElo "1270"]
[BlackElo "1026"]
[PlyCount "131"]
[EventDate "2013.04.02"]
[EventType "swiss"]
[EventRounds "9"]
[EventCountry "ROU"]
[SourceTitle "CBM 153 Extra"]
[Source "ChessBase"]
[SourceDate "2013.04.22"]
[SourceVersion "1"]
[SourceVersionDate "2013.04.22"]
[SourceQuality "1"]

1. d4 d5 2. Nf3 e6 3. e3 Be7 4. Bd3 Nf6 5. Nbd2 Nbd7 6. c3 b6 7. e4 Bb7 8. Qe2 0-0 9. 0-0 Rc8 10. h3 c5 11. Ng5 Nxe4 12. Ngxe4 dxe4 13. Nxe4 cxd4 14. cxd4 Rc7 15. Bf4 Rc8 16. Rac1 Rxc1 17. Rxc1 Qa8 18. f3 Rc8 19. Re1 Bb4 20. Rd1 Bd5 21. a3 Be7 22. Bb5 Bc6 23. Rc1 Bxb5 24. Rxc8+ Qxc8 25. Qxb5 a6 26. Qd3 b5 27. b4 Nf6 28. Nc5 Nd5 29. Be5 f6 30. Bg3 Kf7 31. Qxh7 f5 32. Qh5+ g6 33. Qh7+ Kf6 34. Bh4+ g5 35. Qh6+ Kf7 36. Qh5+ Kg7 37. Bxg5 Bxg5 38. Qxg5+ Kf7 39. Qh5+ Kf6 40. Qh6+ Ke7 41. Qg7+ Kd6 42. Kf2 Qc7 43. Qe5+ Kc6 44. Qxe6+ Qd6 45. Qxf5 Nc3 46. Qc8+ Kd5 47. Qb7+ Kxd4 48. Qg7+ Kc4 49. Qg4+ Qd4+ 50. Qxd4+ Kxd4 51. g4 Nb1 52. a4 bxa4 53. Nxa4 Kc4 54. g5 Nc3 55. Nxc3 Kxc3 56. g6 Kxb4 57. g7 a5 58. g8Q a4 59. Qa2 a3 60. h4 Ka4 61. h5 Kb4 62. h6 Ka4 63. h7 Kb4 64. h8Q Ka4 65. Qa8+ Kb4 66. Q8xa3+ 1-0